21-岐阜県の市町村クイズ(1999年) - Statistics

General Stats
  • This quiz has been taken 174 times
  • The average score is 57 of 99
Answers on the Map
Answers color-coded by a green-red scale on the quiz's map according to % correct below.
 
Answer Stats
Answer % Correct
大垣おおがき
84%
可児かに
84%
岐阜ぎふ
84%
恵那えな
82%
各務原かかみがはら
82%
白川しらかわむら
82%
中津川なかつがわ
82%
坂祝さかほぎちょう
80%
多治見たじみ
80%
美濃加茂みのかも
80%
せき
78%
羽島はしま
78%
笠松かさまつちょう
76%
岐南ぎなんちょう
76%
白川しらかわちょう
76%
関ケ原せきがはらちょう
76%
七宗ひちそうちょう
76%
御嵩みたけちょう
76%
海津かいづちょう
75%
下呂げろちょう
75%
高山たかやま
75%
富加とみかちょう
75%
東白川ひがししらかわむら
75%
瑞浪みずなみ
75%
池田いけだちょう
73%
八百津やおつちょう
73%
安八あんぱちちょう
71%
北方きたがたちょう
71%
神戸ごうどちょう
71%
垂井たるいちょう
71%
土岐とき
71%
美濃みの
71%
川辺かわべちょう
69%
養老ようろうちょう
69%
輪之内わのうちちょう
69%
墨俣すのまたちょう
67%
大野おおのちょう
65%
上石津かみいしづちょう
64%
神岡かみおかちょう
64%
上宝かみたからむら
64%
揖斐川いびがわちょう
62%
白鳥しろとりちょう
60%
兼山かねやまちょう
58%
久々野くぐのちょう
58%
本巣もとすちょう
58%
川島かわしまちょう
56%
明智あけちちょう
55%
加子母かしもむら
55%
清見きよみむら
55%
国府こくふちょう
55%
板取いたどりむら
53%
笠原かさはらちょう
53%
荘川しょうかわむら
53%
南濃なんのうちょう
53%
丹生川にゅうかわむら
53%
八幡はちまんちょう
53%
柳津やないづちょう
53%
伊自良いじらむら
51%
糸貫いとぬきちょう
49%
根尾ねおむら
49%
古川ふるかわちょう
47%
穂積ほづみちょう
47%
武儀むぎちょう
47%
武芸川むげがわちょう
47%
小坂おさかちょう
45%
河合かわいむら
45%
巣南すなみちょう
45%
谷汲たにぐみむら
45%
美並みなみむら
45%
みやむら
45%
岩村いわむらちょう
44%
上之保かみのほむら
44%
蛭川ひるかわむら
44%
金山かなやまちょう
42%
上矢作かみやはぎちょう
42%
串原くしはらむら
42%
坂下さかしたちょう
42%
馬瀬まぜむら
42%
春日かすがむら
40%
坂内さかうちむら
40%
萩原はぎわらちょう
40%
平田ひらたちょう
40%
洞戸ほらどむら
40%
宮川みやがわむら
40%
明宝めいほうむら
40%
大和やまとちょう
40%
朝日あさひむら
38%
高鷲たかすむら
38%
高根たかねむら
38%
付知つけちちょう
38%
福岡ふくおかちょう
38%
藤橋ふじはしむら
38%
真正しんせいちょう
36%
美山みやまちょう
36%
山岡やまおかちょう
36%
久瀬くぜむら
35%
川上かわうえむら
33%
和良わらむら
33%
高富たかとみちょう
29%
No matching quizzes found
Score Distribution
Percent of People with Each Score
Percentile by Number Answered
Your Score History
You have not taken this quiz